Countries That Sound Like Words - Statistics

General Stats
  • This quiz has been taken 219 times
  • The average score is 12 of 15
Answer Stats
Hint Answer % Correct
You knighted King Dumb United Kingdom
100%
You crane Ukraine
97%
Um, Erica? America
90%
News, eel, and? New Zealand
88%
Ma rock, oh Morocco
83%
In the uh... India
81%
You can, duh Uganda
81%
Each chipped Egypt
76%
Slow veiny, uh? Slovenia
76%
Venice whale, uh Venezuela
75%
Mold over Moldova
74%
Say shells Seychelles
61%
Bellies Belize
58%
Air a tree, uh Eritrea
57%
See air? Uh, León? Sierra Leone
57%
No matching quizzes found
Score Distribution
Percent of People with Each Score
Percentile by Number Answered
Your Score History
You have not taken this quiz